| 000 | 00804 a2200193 4500 | ||
|---|---|---|---|
| 003 | Nust | ||
| 005 | 20230504130445.0 | ||
| 010 | _aa 42000320 | ||
| 040 | _cNust | ||
| 082 | _a630,NEN | ||
| 100 |
_aHenrey, Robert _9112113 |
||
| 245 |
_aA farm in Normandy / _cRobert Henrey, |
||
| 260 |
_aLondon, _bJ.M. Dent & Sons limited _c1941 |
||
| 300 |
_a288 p _bfront _cplates _e22 cm |
||
| 505 | _aThe Itallan Poplars (Page-1), The Fram House (Page-30),The Cider Press (Page-37),The Well Sinker (Page-60), The Manure Heap (Page-73), The Apple Harvest (Page-88), The Thatcher (Page-105), The Ambulating Still (Page-120),The Fram (Page-171), The Stables (Page-182), The Burgundy (Page-190), The Stream (Page-253). | ||
| 600 |
_aHenrey, Robert _9112113 |
||
| 650 |
_aA farm in Normandy, _9112114 |
||
| 942 |
_2ddc _cBK |
||
| 999 |
_c184052 _d184052 |
||